[Event "Krakow op-B"]
[Site "Krakow"]
[Date "2003.12.28"]
[Round "2"]
[White "Dusza, Tomasz"]
[Black "Kaminski, Piotr"]
[Result "1/2-1/2"]
[WhiteElo "2000"]
[BlackElo "2079"]
[PlyCount "56"]
[EventDate "2003.12.27"]
[EventType "swiss"]
[EventRounds "9"]
[EventCountry "POL"]
[SourceTitle "EXT 2006"]
[Source "ChessBase"]
[SourceDate "2005.11.24"]
[SourceVersion "1"]
[SourceVersionDate "2005.11.24"]
[SourceQuality "1"]

1. f4 c5 2. Nf3 g6 3. c3 Bg7 4. d4 Nf6 5. e3 b6 6. Bd3 Bb7 7. Nbd2 d5 8. 0-0 0-0 9. f5 Nbd7 10. fxg6 hxg6 11. Ng5 Bh6 12. h4 Bxg5 13. hxg5 Ne4 14. Qg4 e6 15. Nxe4 dxe4 16. Bxe4 Bxe4 17. Qxe4 Qxg5 18. Qf3 Qf5 19. Qe2 Qh5 20. Qd3 Rad8 21. Qa6 Kg7 22. Rf3 Rh8 23. Rh3 Qg4 24. Rf3 Nf6 25. Qf1 Qh4 26. Rh3 Qg4 27. Rf3 Qh4 28. Rh3 Qg4 1/2-1/2